| 000 | 00465 a2200181 4500 | ||
|---|---|---|---|
| 001 | 77320 | ||
| 020 | _a9780340761670 | ||
| 082 | _a428.4 HAL | ||
| 090 |
_c39319 _d39319 |
||
| 100 | _aM A K Halliday | ||
| 245 |
_aAn Introduction to Functional Grammar 3rd/Ed _cM A K Halliday _hEnglish |
||
| 250 | _a3 rd | ||
| 260 |
_aIndia _bHodder Education _c2004 |
||
| 300 | _ax 690p | ||
| 500 | _aDOS BS Textbooks | ||
| 505 | _aGifted Books | ||
| 600 | _aEnglish Grammer | ||
| 942 |
_acaenust _k428.4 HAL |
||
| 999 |
_c312393 _d312393 |
||